| 000 | 00516nam a2200193 a 4500 | ||
|---|---|---|---|
| 001 | 1767359860536 | ||
| 003 | ACL | ||
| 005 | 20260102184958.0 | ||
| 008 | 260102s2006##################000#0#eng## | ||
| 020 | _a9781844832583 | ||
| 082 | 0 | 4 |
_a641.56383 _bGRA |
| 100 | 1 |
_aGraimes, Nicola, _eauthor. |
|
| 245 | 1 | 0 | _aOne Hundred and One Fantastic Low-carb Recipes : |
| 260 |
_bDuncan Baird Publishers, _c2006. |
||
| 300 | _a101 pages | ||
| 650 | 0 | _aLow-carbohydrate diet. | |
| 942 | _cENGLISH | ||
| 040 |
_aACL _beng _cACL |
||
| 999 |
_c606865 _d606865 |
||